Diseño de una empresa de distribución para MIPYMES de alimentos de la GAM.

Đã lưu trong:
Chi tiết về thư mục
Tác giả chính: Arias García, Andrés, 1996-
Tác giả khác: Truque Montero, Álvaro, 1995-, Peña Leitón, María José, 1996-, Godínez Alvarado, Alberto, 1989- Director del TFG
Định dạng: Sách
Ngôn ngữ:Spanish
Được phát hành: [San José, Costa Rica] 2020
Những chủ đề:
Các nhãn: Thêm thẻ
Không có thẻ, Là người đầu tiên thẻ bản ghi này!

MARC

LEADER 00000nam a2200000Ia 4500
003 013787
005 20240312115135.0
008 140114s2020 cr a 000 ||spa d
040 |c cru CEDI  
100 |a Arias García, Andrés, 1996-  |9 2592 
245 |a  Diseño de una empresa de distribución para MIPYMES de alimentos de la GAM.  
260 |a [San José, Costa Rica]  |c 2020 
500 |a  Proyecto de graduación (licenciatura en ingeniería industrial)--Universidad de Costa Rica. Facultad de Ingeniería. Escuela de Ingeniería Industrial, 
501 |a Director de Proyecto de Graduación: Alberto Godínez Alvarado 
650 |x LOGISTICA EN LOS NEGOCIOS  |x CONTROL DE PROCESOS   |x ADMINISTRACION DE EMPRESAS   |x DISTRIBUCION COMERCIAL   |x CALIDAD DEL SERVICIO   |x SISTEMAS DE INFORMACION EN NEGOCIOS   |x CONTROL DE PROCESOS 
700 |a Truque Montero, Álvaro, 1995-  |9 2591 
700 |a Peña Leitón, María José, 1996-  |9 2589 
700 |a Godínez Alvarado, Alberto, 1989-  |d Director del TFG  |9 617 
942 |c TFG  |h TFG 8928  |i 013787  |6 TFG_8928_013787000000000 
999 |c 12871  |d 12871